|
|
|
|
| LEADER |
01646nam a2200457 a 4500 |
| 001 |
EBC459734 |
| 003 |
MiAaPQ |
| 005 |
20200520144314.0 |
| 006 |
m o d | |
| 007 |
cr cn||||||||| |
| 008 |
070411s2008 dcua sb i001 0 eng |
| 010 |
|
|
|z 2007015328
|
| 015 |
|
|
|a GBA784729
|2 bnb
|
| 016 |
7 |
|
|z 014101378
|2 Uk
|
| 020 |
|
|
|z 9780821371411
|
| 020 |
|
|
|z 082137141X
|
| 020 |
|
|
|a 9780821371428 (electronic bk.)
|
| 020 |
|
|
|a 0821371428 (electronic bk.)
|
| 035 |
|
|
|a (MiAaPQ)EBC459734
|
| 035 |
|
|
|a (Au-PeEL)EBL459734
|
| 035 |
|
|
|a (CaPaEBR)ebr10212658
|
| 035 |
|
|
|a (OCoLC)290514137
|
| 040 |
|
|
|a MiAaPQ
|c MiAaPQ
|d MiAaPQ
|
| 043 |
|
|
|a a------
|a f------
|
| 050 |
|
4 |
|a HG3368.A6
|b G74 2008
|
| 082 |
0 |
4 |
|a 332.10917/67
|2 22
|
| 100 |
1 |
|
|a Greuning, Hennie van.
|
| 245 |
1 |
0 |
|a Risk analysis for Islamic banks
|h [electronic resource] /
|c Hennie van Greuning and Zamil Iqbal.
|
| 260 |
|
|
|a Washington, D.C. :
|b World Bank,
|c c2008.
|
| 300 |
|
|
|a xxiv, 309 p. :
|b ill.
|
| 504 |
|
|
|a Includes bibliographical references (p. 276-280) and index.
|
| 533 |
|
|
|a Electronic reproduction. Ann Arbor, MI : ProQuest, 2015. Available via World Wide Web. Access may be limited to ProQuest affiliated libraries.
|
| 650 |
|
0 |
|a Banks and banking
|z Islamic countries.
|
| 650 |
|
0 |
|a Financial institutions
|z Islamic countries.
|
| 650 |
|
0 |
|a Risk management.
|
| 650 |
|
0 |
|a Bank management
|z Islamic countries.
|
| 650 |
|
0 |
|a Finance
|z Islamic countries.
|
| 655 |
|
4 |
|a Electronic books.
|
| 700 |
1 |
|
|a Iqbal, Zamir.
|
| 710 |
2 |
|
|a ProQuest (Firm)
|
| 856 |
4 |
0 |
|u https://ebookcentral.proquest.com/lib/matrademy/detail.action?docID=459734
|z Click to View
|